000 00555nam a2200181 4500
001 122387
003 ES-MaACL
005 20230906191952.0
007 t|
008 070214s1971 sp r ||||1| spa d
100 1 _aPowers, J. F.
_993510
245 1 0 _aLeones, liebres y corzas que saltan /
_cJ. F. Powers ; versión de María R. Sanagustín.
250 _a1ª. ed.
260 _aBarcelona :
_bLuis de Caralt,
_c1971.
300 _a348 p. :
_bil. ;
_c20 cm.
700 1 _aSanagustín, María Rosario.
_9102323
852 _aES-MaACL
_jC-44774
_bR.80192
999 _c122387
_d122387